000146428 001__ 146428 000146428 005__ 20241122150938.0 000146428 037__ $$aTAZ-TFG-2024-3618 000146428 041__ $$aspa 000146428 1001_ $$aAguirrezabala Yubero, Marta 000146428 24200 $$aPatent Ductus Arteriosus in Small Animals 000146428 24500 $$aConducto Arterioso Persistente en Pequeños Animales 000146428 260__ $$aZaragoza$$bUniversidad de Zaragoza$$c2024 000146428 506__ $$aby-nc-sa$$bCreative Commons$$c3.0$$uhttp://creativecommons.org/licenses/by-nc-sa/3.0/ 000146428 520__ $$aEl Conducto Arterioso Persistente (PDA) es el defecto cardiaco congénito más frecuente en perros. Se produce debido a una anomalía en la masa muscular ductal, lo que evita el cierre del conducto tras el nacimiento, quedando así conectadas la arteria pulmonar y la aorta mediante un flujo de sangre que habitualmente suele ser de izquierda a derecha (de aorta a arteria pulmonar) por la diferencia de presiones de los sistemas vasculares. Este síndrome da lugar a hipertensión pulmonar, cuyo aumento en el tiempo puede derivar en la reversión del flujo de derecha a izquierda. El diagnóstico se realiza, además de por la detección de soplo cardiaco continuo, mediante técnicas de imagen, entre las que destacan la angiografía, la ecocardiografía y la ecografía transtorácica y transesofágica para poder determinar con exactitud la morfología y el tamaño del PDA. El tratamiento recomendado es el cierre del conducto mediante cirugía abierta o por intervencionismo siendo esta última opción la de elección, siempre y cuando el animal no sea muy pequeño.<br />El presente trabajo tiene como objetivo realizar una revisión bibliográfica sobre el conducto arterioso persistente para entender su fisiopatología y tratar de comparar las diversas opciones recomendadas para su tratamiento.<br /><br /> 000146428 521__ $$aGraduado en Veterinaria 000146428 540__ $$aDerechos regulados por licencia Creative Commons 000146428 691__ $$a0 000146428 692__ $$a 000146428 700__ $$aMiana Mena, Francisco Javier$$edir. 000146428 700__ $$aBonastre Ráfales, Cristina$$edir. 000146428 7102_ $$aUniversidad de Zaragoza$$bFarmacología, Fisiología y Medicina Legal y Forense$$cFisiología 000146428 8560_ $$f804773@unizar.es 000146428 8564_ $$s1467495$$uhttps://zaguan.unizar.es/record/146428/files/TAZ-TFG-2024-3618.pdf$$yMemoria (spa) 000146428 909CO $$ooai:zaguan.unizar.es:146428$$pdriver$$ptrabajos-fin-grado 000146428 950__ $$a 000146428 951__ $$adeposita:2024-11-22 000146428 980__ $$aTAZ$$bTFG$$cVET 000146428 999__ $$a20240712112610.CREATION_DATE